LIBRARY & INFORMATION CENTRE, KCAET, TAVANUR

ONLINE PUBLIC ACCESS CATALOGUE (OPAC)

Estimation of erosion and runoff (Record no. 15206)

MARC details
000 -LEADER
fixed length control field 00561nam a22001937a 4500
003 - CONTROL NUMBER IDENTIFIER
control field OSt
088 ## - REPORT NUMBER
Report number P 139
100 ## - MAIN ENTRY--AUTHOR NAME
Personal name ANISH JACOB E
245 ## - TITLE STATEMENT
Title Estimation of erosion and runoff
260 ## - PUBLICATION, DISTRIBUTION, ETC. (IMPRINT)
Place of publication Tavanur 2003
Name of publisher Kelappaji College of Agricultural Engineering and Technology
300 ## - PHYSICAL DESCRIPTION
Number of Pages 64
500 ## - GENERAL NOTE
General note Estimation of erosion and runoff
520 ## - SUMMARY, ETC.
Summary, etc Estimation of erosion and runoff
700 ## - ADDED ENTRY--PERSONAL NAME
Personal name Saritha S. S
700 ## - ADDED ENTRY--PERSONAL NAME
Personal name Sooraj Kannan P. V
700 ## - ADDED ENTRY--PERSONAL NAME
Personal name Er. Sathian K. K (Guide)
942 ## - ADDED ENTRY ELEMENTS (KOHA)
Koha item type Project Report
Holdings
Collection code Home library Current library Shelving location Full call number Accession Number Koha item type
Reference KAUAET KAUAET Reference 631.75807 ANI/ES P 139 Project Report
free website counter